CECIL. Tratado de Medicina Interna. (Registro nro. 1578)

Detalles MARC
000 -LEADER
fixed length control field 01935nam a2200469 a 4500
005 - FECHA ULTIMA MODIFICACION
control field 20240424102812.0
008 - CAMPO DE CONTROL (LIBRO)
fixed length control field 100309s2012||||sp il. f |||| 001 0 spa d
020 ## - INTERNATIONAL STANDARD BOOK NUMBER
ISBN 9788480869706
041 ## - CODIGO DE IDIOMA
Código de idioma del texto/pista de sonido o título separado spa
092 ## - SIGNATURA TOPOGRAFICA DEWEY LOCAL
número de clasificación 616
libristica 30
sección GOL
100 1# - ENTRADA PRINCIPAL--NOMBRE PERSONAL
Nombre personal Goldman, Lee
Función Ed.
9 (RLIN) 1800
245 ## - TITULO PROPIAMENTE DICHO
Título CECIL. Tratado de Medicina Interna.
Subtítulo y Título paralelo T.2 /
Mención de responsabilidad y remanente de la transcripción de la portada Lee Goldman
250 ## - MENCION DE EDICION
Mención de edición 24a ed. versión en español de la 24 ed. de la obra original en inglés
Mención de responsabilidad relacionada con la ed. Revisión científica y técnica Carlos Barros Aguado [et. al]
260 ## - PIE DE IMPRENTA
Lugar de publicación, distribución, etc Barcelona:
Nombre de la editorial, distribuidor, etc Elsevier ; Saunders;
Fecha de publicación 2012.
300 ## - DESCRIPCION FISICA
Extension 1344-2576 p.
500 ## - NOTA GENERAL
Nota general Goldman, L. (Ed.) et al. (2012). CECIL. Tratado de medicina interna. T.2 (24a ed.). Barcelona : Elsevier ; Saunders.
653 ## - TÉRMINO INDIZADO - PALABRAS CLAVES
Palabra clave Enfermedades metabólicas
653 ## - TÉRMINO INDIZADO - PALABRAS CLAVES
Palabra clave Enfermedades nutricionales
653 ## - TÉRMINO INDIZADO - PALABRAS CLAVES
Palabra clave Salud endocrinas
653 ## - TÉRMINO INDIZADO - PALABRAS CLAVES
Palabra clave Salud en la mujer
653 ## - TÉRMINO INDIZADO - PALABRAS CLAVES
Palabra clave Enfermedades del metabolismo óseo y mineral
653 ## - TÉRMINO INDIZADO - PALABRAS CLAVES
Palabra clave Enfermedades de la alergia y la inmunología clínica
653 ## - TÉRMINO INDIZADO - PALABRAS CLAVES
Palabra clave Enfermedades reumáticas
653 ## - TÉRMINO INDIZADO - PALABRAS CLAVES
Palabra clave Enfermedades infecciosas
653 ## - TÉRMINO INDIZADO - PALABRAS CLAVES
Palabra clave Virus de la inmunodeficiencia adquirida y Sindrome de inmunodeficiencia adquirida
653 ## - TÉRMINO INDIZADO - PALABRAS CLAVES
Palabra clave Neurología
653 ## - TÉRMINO INDIZADO - PALABRAS CLAVES
Palabra clave Enfermedades de los ojos, los oídos, la nariz y la garganta
653 ## - TÉRMINO INDIZADO - PALABRAS CLAVES
Palabra clave Consulta médica
653 ## - TÉRMINO INDIZADO - PALABRAS CLAVES
Palabra clave Enfermedades de la piel
653 ## - TÉRMINO INDIZADO - PALABRAS CLAVES
Palabra clave Apéndice: intervalos de referencia y valores de laboratorio
700 1# - ENTRADAS SECUNDARIAS - NOMBRE PERSONAL
Nombre personal Schafer, Andrew I.
Función Ed.
9 (RLIN) 2511
700 1# - ENTRADAS SECUNDARIAS - NOMBRE PERSONAL
Nombre personal Arend. William P.
Función Ed. Asoc.
9 (RLIN) 3557
700 1# - ENTRADAS SECUNDARIAS - NOMBRE PERSONAL
Nombre personal Armitage, James O.
Función Ed. Asoc.
9 (RLIN) 3558
700 1# - ENTRADAS SECUNDARIAS - NOMBRE PERSONAL
Nombre personal Clemmons, David R.
9 (RLIN) 3559
700 1# - ENTRADAS SECUNDARIAS - NOMBRE PERSONAL
Nombre personal Drazen, Jeffrey M.
Función Ed. Asoc.
9 (RLIN) 3560
700 1# - ENTRADAS SECUNDARIAS - NOMBRE PERSONAL
Nombre personal Griggs, Robert C.
Función Ed. Asoc.
9 (RLIN) 3561
700 1# - ENTRADAS SECUNDARIAS - NOMBRE PERSONAL
Nombre personal Landry, Donald W.
Función Ed. Asoc.
9 (RLIN) 3562
700 1# - ENTRADAS SECUNDARIAS - NOMBRE PERSONAL
Nombre personal Levinson, Wendy
Función Ed. Asoc.
9 (RLIN) 3563
700 1# - ENTRADAS SECUNDARIAS - NOMBRE PERSONAL
Nombre personal Rustgi, Anil K.
Función Ed. Asoc.
9 (RLIN) 3564
700 1# - ENTRADAS SECUNDARIAS - NOMBRE PERSONAL
Nombre personal Scheld, W. Michael
Función Ed. Asoc.
9 (RLIN) 3565
942 ## - ADDED ENTRY ELEMENTS (KOHA)
Source of classification or shelving scheme Dewey Decimal Classification
Item type Libros
Existencias
Estado de retiro Existencia Fuente de clasificación Estado general No para prestamo Colección Ubicación permanente ubicación actual Sala de ubicación Fecha de adquisición Costo, precio normal de compra Total Checkouts Número de clasificación Código de barras Date last seen Date last borrowed Número de ejemplar Price effective from Koha tipo de elemento (item) Public note Coded location qualifier Total Renewals
    Dewey Decimal Classification     Reference Biblioteca Medicina Biblioteca Medicina Referencia 26/07/2013 1.75 15 616 30 GOL 2988 10/04/2017 07/04/2017 ej.5 26/07/2013 Reference LIBRO DE CONSULTA. COMPRA PROMED, 2DO AÑO. JULIO 2013    
    Dewey Decimal Classification       Biblioteca Medicina Biblioteca Medicina Circulación 26/07/2013 1.75 86 616 30 GOL 2990 11/08/2023 27/07/2023 ej.6 26/07/2013 Libros COMPRA PROMED, 2DO AÑO. JULIO 2013   7

UNIVERSIDAD NACIONAL DEL COMAHUE
Biblioteca de la Facultad de Ciencias Médicas
Sede Toschi: Los Arrayanes y Av. Toschi, Cipolletti  - Rio Negro
Sede Los Tordos:  Yrigoyen al 2211, Cipolletti - Rio Negro 

Teléfono: 0299 - 4774707 int 25
Contacto: biblioteca@facimed.uncoma.edu.ar
© 2011 - 2026